期刊信息 |
| 索取号 |
Q-1/EAD
|
| 题名 |
EVOLUTION AND DEVELOPMENT
|
| 作者 |
RUDOLF A.RAFF
|
| 分册号 |
|
| 分册名 |
|
| 出版地 |
U.S.A.
|
| 出版者 |
BLACKWELL PUBLISHING,INC.
|
| 标准刊号 |
1520-541X
|
| 出版频率 |
双月刊
|
| 中图法分类 |
Q-1
|
| 主题词 |
生物学 现状; 生物学 概况
|
| 电子资源 | |
| |
|
| 000 | 00503nas0 2200193 45 | |
| 001 | 0739653748 | |
| 005 | 20070416110506.42 | |
| 011 | @a1520-541X@d$131.00(U.S.2005) | |
| 100 | @a20070416d km y0chiy0120 ea | |
| 101 | 0 | @aeng |
| 200 | 1 | @aEVOLUTION AND DEVELOPMENT@fRUDOLF A.RAFF |
| 210 | @aU.S.A.@cBLACKWELL PUBLISHING,INC. | |
| 326 | @a双月刊 | |
| 606 | 0 | @a生物学@x现状 |
| 606 | 0 | @a生物学@x概况 |
| 690 | @aQ-1@v4 | |
| 701 | 0 | @aRUDOLF A.RAFF |
| 801 | 0 | @aCN@bPFT@c20070416 |
| 905 | @aTJWY@dQ-1@eEAD | |
| EVOLUTION AND DEVELOPMENT/RUDOLF A.RAFF.-U.S.A.:BLACKWELL PUBLISHING,INC. |
| ISSN 1520-541X:$131.00(U.S.2005) |
| ● |
| 相关链接: |
|
|
|
|